Statistics for Avengers Infinity War Characters

Click here to take the quiz!

General Stats

  • This quiz has been taken 216 times
  • The average score is 26 of 36

Answer Stats

Answer% Correct
Iron Man
98%
Hulk
96%
Captain America
95%
Thanos
95%
Black Widow
94%
Spider-Man
92%
Thor
92%
Gamora
91%
Groot
90%
Starlord
90%
Black Panther
89%
Drax
89%
Dr Strange
86%
Vision
86%
Loki
84%
Mantis
77%
Scarlett Witch
77%
Falcon
76%
White Wolf
76%
Nebula
73%
Shuri
72%
War Machine
72%
Wong
72%
Okoye
67%
Heimdall
65%
Nick Fury
63%
Ebony Maw
62%
Rocket Racoon
58%
Pepper Potts
54%
Proxima Midnight
54%
Maria Hill
51%
Red Skull
43%
Cull Obsidian
42%
Corvus Glaive
41%
The Collector
40%
Eitri
32%

Score Distribution

Percentile by Number Answered

Percent of People with Each Score

Your Score History

You have not taken this quiz